| 000 | 00780nam a2200241Ia 4500 | ||
|---|---|---|---|
| 005 | 20251020182530.0 | ||
| 008 | 200515s9999 xx 000 0 und d | ||
| 020 | _a978-84-15829-11-9 | ||
| 082 | _a698/M61 | ||
| 100 | _aMinguet, Josep María | ||
| 245 | 0 | _aEspacios exteriores | |
| 260 | _aBarcelona | ||
| 260 | _bInstituto Monsa de Ediciones | ||
| 260 | _c2013 | ||
| 300 | _bil. | ||
| 500 | _a1 ejemplar | ||
| 520 | _aEs posible transformar terrazas, balcones, jardines y patios sin que importe mucho su tamaño, en lugares relajantes en los que abandonarse a la comtenplación o en fuentes de luz que lleguen hasta los espacios interiores de la casa | ||
| 650 | _aESPACIOS EXTERIORES | ||
| 650 | _aTERRAZAS | ||
| 942 | _cLIB | ||
| 999 |
_c2044 _d2044 |
||